Statistics for Top Gun Characters

Click here to take the quiz!

General Stats

  • This quiz has been taken 21 times
  • The average score is 12 of 24

Answer Stats

HintAnswer% Correct
Pete MitchellMaverick
100%
Tom KazanskyIceman
93%
Nick BradshawGoose
79%
Jake SeresinHangman
79%
Bradley BradshawRooster
79%
Robert FloydBob
71%
Natasha TracePhoenix
71%
Charlotte BlackwoodCharlie
57%
Mike MetcalfViper
57%
Mickey GarciaFanboy
50%
Rick NevenHollywood
50%
Rick HeatherlyJester
50%
Reuben FitchPayback
50%
Ron KernerSlider
50%
Tom JardianStinger
50%
Bill CortellCougar
43%
Henry RuthWolfman
43%
Jay MachadoCoyote
36%
Beu SimpsonCyclone
36%
Sam WellsMerlin
29%
Marcus WilliamsSundown
29%
Chester CainHammer
14%
Solomon BatesWarlock
14%
Bernie ColemanHando
7%

Score Distribution

Percentile by Number Answered

Percent of People with Each Score

Your Score History

You have not taken this quiz